[Event "EU-ch Amateur Online 1400/1700"]
[Site "Tornelo INT"]
[Date "2021.04.17"]
[Round "2"]
[White "Merkouropoulos, Dionysios"]
[Black "Csontos, David"]
[Result "0-1"]
[WhiteElo "1405"]
[BlackElo "1645"]
[PlyCount "98"]
[EventDate "2021.04.17"]
[EventType "swiss (rapid)"]
[EventRounds "8"]
[EventCountry "NET"]
[SourceTitle "EXT 2023"]
[Source "ChessBase"]
[SourceDate "2022.10.05"]
[SourceVersion "1"]
[SourceVersionDate "2022.10.05"]
[SourceQuality "1"]

1. d4 Nf6 2. c4 g6 3. Nc3 d5 4. e3 Bg7 5. Nf3 0-0 6. Bd3 c5 7. 0-0 Nc6 8. cxd5 Nxd5 9. Bc4 Nxc3 10. bxc3 Bg4 11. h3 Bf5 12. Ba3 Qa5 13. Qb3 cxd4 14. cxd4 Qc7 15. Rfc1 Qd7 16. Ng5 Nd8 17. Bb5 Nc6 18. Qc4 Rac8 19. Qa4 h6 20. Nf3 Rfe8 21. Bxc6 bxc6 22. Bc5 Ra8 23. Rc3 Be4 24. Nd2 Bd5 25. Rac1 Rec8 26. Nc4 Bxc4 27. Rxc4 e5 28. dxe5 Bxe5 29. Bd4 Bxd4 30. Rxd4 Qb7 31. Rb4 Qc7 32. Rbc4 c5 33. Rxc5 Qxc5 34. Rxc5 Rxc5 35. Qd7 Rcc8 36. g3 a5 37. Qb5 a4 38. Qb4 a3 39. Qb3 Rcb8 40. Qc4 Rb2 41. Kg2 Rbb8 42. Kf3 Ra7 43. e4 Rba8 44. Kf4 Ra4 45. Qc5 g5+ 46. Kf5 R4a5 47. Qxa5 Rxa5+ 48. Kf6 Rb5 49. e5 Rb2 0-1

[Event "HUN-ch U12"]
[Site "Balatonlelle"]
[Date "2015.06.21"]
[Round "5"]
[White "Varga, Boldizsar"]
[Black "Csontos, David"]
[Result "1/2-1/2"]
[WhiteElo "1267"]
[BlackElo "1602"]
[PlyCount "62"]
[EventDate "2015.06.18"]
[EventType "swiss"]
[EventRounds "9"]
[EventCountry "HUN"]
[SourceTitle "CBM 167 Extra"]
[Source "ChessBase"]
[SourceDate "2015.09.14"]
[SourceVersion "1"]
[SourceVersionDate "2015.09.14"]
[SourceQuality "1"]

1. d4 Nf6 2. c4 g6 3. Nc3 d5 4. cxd5 Nxd5 5. e4 Nxc3 6. bxc3 Bg7 7. Nf3 c5 8. Bc4 0-0 9. 0-0 Qc7 10. Bb3 cxd4 11. cxd4 Rd8 12. Be3 Bg4 13. Rc1 Qd7 14. d5 Na6 15. Qe2 Bxf3 16. Qxf3 Nc7 17. Rc2 Ne8 18. Qe2 a6 19. f3 Rdc8 20. Rfc1 Nd6 21. Rxc8+ Rxc8 22. Rxc8+ Qxc8 23. Qc2 Qxc2 24. Bxc2 Kf8 25. Kf1 Ke8 26. Bb3 Kd7 27. Ke2 e6 28. Kd3 b5 29. Bd4 Bf8 30. Bc5 Bg7 31. Bd4 Bf8 1/2-1/2

[Event "HUN-ch U12"]
[Site "Balatonlelle"]
[Date "2015.06.20"]
[Round "3"]
[White "Csontos, David"]
[Black "Forgacs, Attila Jr"]
[Result "1-0"]
[WhiteElo "1602"]
[BlackElo "1372"]
[PlyCount "97"]
[EventDate "2015.06.18"]
[EventType "swiss"]
[EventRounds "9"]
[EventCountry "HUN"]
[SourceTitle "CBM 167 Extra"]
[Source "ChessBase"]
[SourceDate "2015.09.14"]
[SourceVersion "1"]
[SourceVersionDate "2015.09.14"]
[SourceQuality "1"]

1. e4 e5 2. Nf3 Nc6 3. Bb5 a6 4. Ba4 Nf6 5. 0-0 b5 6. Bb3 Bc5 7. c3 d6 8. d4 Bb6 9. dxe5 Nxe5 10. Nxe5 dxe5 11. Qxd8+ Kxd8 12. Bxf7 Ke7 13. Bb3 Bb7 14. Bg5 h6 15. Bxf6+ gxf6 16. Bc2 Rhg8 17. Nd2 f5 18. g3 f4 19. Kg2 Raf8 20. Nf3 fxg3 21. fxg3 Rd8 22. Rad1 Rxd1 23. Rxd1 Kf6 24. Rd7 Bc8 25. Rh7 Be3 26. Rxc7 Rd8 27. Rc6+ Ke7 28. Kf1 Rf8 29. Kg2 Bg4 30. Bd1 Rd8 31. Be2 Rd6 32. Rxd6 Kxd6 33. Nh4 Be6 34. c4 bxc4 35. Bxc4 Bxc4 36. Nf5+ Ke6 37. Nxe3 Bxa2 38. Nf5 h5 39. Ng7+ Kd6 40. Nxh5 Kc5 41. Nf6 Kc4 42. Nd7 Kd4 43. Kf3 Bb1 44. Nf6 Kd3 45. h4 Kc2 46. b4 Kc3 47. h5 Ba2 48. h6 Bf7 49. h7 1-0

[Event "Budapest FS02 FM-B"]
[Site "Budapest"]
[Date "2015.02.10"]
[Round "3"]
[White "Steer, Jozsef"]
[Black "Csontos, David"]
[Result "1-0"]
[WhiteElo "1837"]
[BlackElo "1591"]
[PlyCount "129"]
[EventDate "2015.02.07"]
[EventType "tourn"]
[EventRounds "9"]
[EventCountry "HUN"]
[SourceTitle "CBM 164 Extra"]
[Source "ChessBase"]
[SourceDate "2015.03.02"]
[SourceVersion "1"]
[SourceVersionDate "2015.03.02"]
[SourceQuality "1"]

1. e4 c5 2. Nf3 Nc6 3. d4 cxd4 4. Nxd4 Nf6 5. Nc3 e5 6. Ndb5 d6 7. Bg5 a6 8. Na3 b5 9. Nd5 Be7 10. Bxf6 Bxf6 11. c3 Ne7 12. Nc2 Nxd5 13. Qxd5 Ra7 14. Rd1 Bb7 15. Qd3 0-0 16. Ne3 g6 17. Be2 Qb6 18. 0-0 Rd8 19. g3 Bc6 20. Rd2 Rad7 21. Bg4 Rc7 22. h4 Qb7 23. f3 Bg7 24. Rfd1 Qb6 25. Qe2 Bh6 26. Kf2 Bb7 27. Rd3 Bxe3+ 28. Qxe3 Rc6 29. Rd5 Qxe3+ 30. Kxe3 f6 31. Be6+ Kg7 32. R5d2 g5 33. hxg5 fxg5 34. Bd5 Rc7 35. Bxb7 Rxb7 36. Rxd6 Re8 37. Rxa6 h5 38. Rdd6 h4 39. gxh4 gxh4 40. Rg6+ Kf7 41. Rh6 Ree7 42. Rxh4 Ke8 43. Rhh6 Kd7 44. Rhb6 Kc7 45. Rxb7+ Kxb7 46. Rd6 Kc7 47. Rd5 Kc6 48. f4 exf4+ 49. Kxf4 Rf7+ 50. Ke3 Ra7 51. a3 Rh7 52. Rd2 Rh3+ 53. Kd4 Rh4 54. Rg2 Rh6 55. Rf2 Rg6 56. c4 Rd6+ 57. Kc3 Re6 58. cxb5+ Kxb5 59. Kd4 Ka4 60. Kd5 Re8 61. e5 Kb3 62. e6 Ka2 63. a4 Ra8 64. e7 Rxa4 65. e8Q 1-0